Pays ayant une ville plus grande que leur capitale - Statistiques

Statistiques générales
  • Ce quiz a été pris 62 fois
    17 depuis la dernière actualisation
  • Le résultat moyen est 54 sur 105
Statistiques - réponses
Indice Réponse % Correct
Pays Chine
100%
Pays États-Unis
100%
Capitale Washington
100%
Pays Brésil
93%
Plus grandes villes New York / Los Angeles / Chicago / Houston / Phoenix / Philadelphie / San Antonio / San Diego / Dallas / Jacksonville / Austin / Fort Worth / San José / Columbus / Charlotte / Indianapolis / San Francisco / Seattle / Denver / Oklahoma City / Nashville
93%
Capitale Pékin
93%
Plus grandes villes São Paulo / Rio de Janeiro
93%
Plus grandes villes Schaan
93%
Pays Afrique du Sud
87%
Pays Australie
87%
Capitale Brasilia
87%
Pays Canada
87%
Capitale Canberra
87%
Plus grandes villes Chongqing / Shanghai
87%
Pays Inde
87%
Plus grandes villes Istanbul
87%
Plus grandes villes Le Cap / Durban / Johannesburg / Soweto
87%
Pays Maroc
87%
Capitale Ottawa
87%
Plus grandes villes Sydney / Brisbane / Perth / Adélaïde / Gold Coast / Melbourne
87%
Plus grandes villes Toronto / Montréal / Calgary / Edmonton
87%
Pays Turquie
87%
Capitale Ankara
80%
Plus grandes villes Bombay / Hyderabad / Ahmedabad / Chennai / Pune / Surate / Calcutta / Bangalore / Lucknow / Jaipur / Kanpur / Nagpur / (Plus d'une centaine de villes ont une population supérieur à la capitale en Inde)
80%
Pays Nouvelle-Zélande
80%
Pays Pakistan
80%
Capitale Pretoria
80%
Capitale Rabat
80%
Capitale Abu Dhabi / Abou Dabi
73%
Plus grandes villes Casablanca / Tanger / Fès / Marrakech / Salé / Meknès
73%
Pays Émirats Arabes Unis
73%
Capitale Islamabad
73%
Capitale New Delhi
73%
Plus grandes villes Abidjan / Bouaké / Daloa
67%
Plus grandes villes Auckland / Christchurch
67%
Capitale Berne
67%
Pays Côte d'Ivoire
67%
Plus grandes villes Karachi / Lahore / Faisalabad / Rawalpindi / Gujranwala / Multan / Hyderâbâd / Peshawar /Quetta
67%
Plus grandes villes Dubaï
67%
Capitale Hanoï
67%
Plus grandes villes Hô Chi Minh-Ville
67%
Pays Suisse
67%
Pays Vietnam
67%
Capitale Wellington
67%
Capitale Yamoussoukro
67%
Plus grandes villes Zurich / Genève / Bâle / Lausanne / Berne
67%
Plus grandes villes Dar Es Salaam / Mwanza / Tabora / Morogoro
60%
Pays Tanzanie
60%
Capitale Abuja
53%
Capitale Astana
53%
Pays Belgique
53%
Pays Cameroun
53%
Capitale Dodoma
53%
Pays Kazakhstan
53%
Plus grandes villes Lagos / Kano / Ibadan
53%
Pays Nigeria
53%
Pays Soudan
53%
Capitale Yaoundé
53%
Plus grandes villes Anvers / Gand / Charleroi / Liège
47%
Pays Bénin
47%
Pays Birmanie / Myanmar
47%
Capitale Bruxelles
47%
Pays Guinée Équatoriale
47%
Capitale Khartoum
47%
Capitale Naypyidaw
47%
Plus grandes villes Cotonou
40%
Capitale La Valette
40%
Pays Liechtenstein
40%
Pays Malte
40%
Capitale Porto-Novo
40%
Capitale Vaduz
40%
Pays Belize
33%
Capitale Belmopan
33%
Plus grandes villes Bata / Malabo / Ebeiyin / Niefang / Añisoc / ... (Plus d'une vingtaine de villes ont une population supérieur à la capitale en Guinée Equatoriale)
33%
Plus grandes villes Douala
33%
Plus grandes villes Almaty
27%
Pays Micronésie
27%
Plus grandes villes Rangoun / Mandalay
27%
Plus grandes villes Belize City
20%
Plus grandes villes Bujumbura
20%
Pays Burundi
20%
Capitale Gitega
20%
Pays Philippines
20%
Capitale | Pays Saint-Marin
20%
Capitale Taipei
20%
Pays Taïwan
20%
Plus grandes villes Birkirkara / Il-Mosta / Ħal Qormi / Ħaż-Żabbar / San Pawl il-Baħar / Tas-Sliema / San Ġwann / In-Naxxar / L-Imdina / Iż-Żejtun / Ħaż-Żebbuġ / Il-Fgura / (Plus d'une quarantaine de villes ont une population supérieur à la capitale à Malte)
13%
Pays Gambie
13%
Capitale Manille
13%
Plus grandes villes New Taipei / Taichung / Kaohsiung
13%
Capitale Palikir
13%
Pays Trinité et Tobago
13%
Capitale Banjul
7%
Capitale Ciudad de la Paz
7%
Capitale Port d'Espagne
7%
Plus grandes villes Quezon City
7%
Plus grandes villes Weno / Kolonia / Lelu / Colonia
7%
Plus grandes villes Chaguanas
0%
Plus grandes villes Koror / Meyuns / Airai / Klulkloubed
0%
Capitale Melekeok
0%
Plus grandes villes Omdourman
0%
Pays Palaus
0%
Plus grandes villes Serrekunda / Brikama / Bakau
0%
Plus grandes villes Serrevalle / Borgo Maggiore
0%
Aucun quiz correspondant
Distribution des résultats
% des personnes avec chaque résultat
Percentile par nombre de réponses
Votre historique - résultats
Vous n’avez pas pris ce quiz depuis la dernière actualisation